000 00507nam a22001697a 4500
003 NUST
038 _aa
082 _aBEE-4 OSA
100 _aAhmad Osama
_993439
245 _aE-Surveill, Location Tracker and Security Surveillance System
260 _aIslamabad
_bNUST-SEECS
_c2016
300 _a72p.
_b27cm.
_eCD ROM Includes
500 _aSupervisors: Dr. Salman Abdul Ghafoor, Dr. Muhammad Umar Khan
563 _aa
856 _uhttp://10.250.8.41:8080/xmlui/handle/123456789/6240
942 _cTHE
_2ddc
999 _c13624
_d13624